| 000 | 00908nam a22002177a 4500 | ||
|---|---|---|---|
| 005 | 20260617111100.0 | ||
| 010 | _aB-747413-414 E.N.A./7.11.22 ENG-148934 | ||
| 020 |
_a9789391524999 _c995.00 |
||
| 035 | _aB-747413-414 | ||
| 035 | _aEN-132466 | ||
| 037 | _bAnamika Publishers & Distributors | ||
| 037 | _bDBAD | ||
| 082 |
_a954 _21 |
||
| 100 |
_aAnand Vardhan Singh _989409 |
||
| 245 |
_aHey Ram to Jai Shri Ram: _b20 dates that changed the course of India/ _cAnand Vardhan Singh |
||
| 260 |
_aNew Delhi _bAnamika Publishers & Distributors _c2022 |
||
| 270 |
_a4697/3, 21A, Ansari Road, Darya ganj, _bNew Delhi _e110002 |
||
| 300 |
_a394p. _c22cm(hbk) |
||
| 942 |
_2ddc _cEN _mANA _h954 |
||
| 999 |
_c193919 _d193919 |
||